Fr. Conceicao Rodrigues College of Engineering

Pipe Fitter''''s Hand Book (Record no. 19268)

MARC details
000 -LEADER
fixed length control field 00269nam a2200121Ia 4500
082 ## - DEWEY DECIMAL CLASSIFICATION NUMBER
Classification number 696.2
100 ## - MAIN ENTRY--PERSONAL NAME
Personal name Lindsey/ F.R.
245 ## - TITLE STATEMENT
Title Pipe Fitter''''s Hand Book
260 ## - PUBLICATION, DISTRIBUTION, ETC.
Name of publisher, distributor, etc. Industrial Press
Place of publication, distribution, etc. NEWYORK
Date of publication, distribution, etc. 1967
546 ## - LANGUAGE NOTE
Language note ENGLISH
654 ## - SUBJECT ADDED ENTRY--FACETED TOPICAL TERMS
Focus term Hand Book
942 ## - ADDED ENTRY ELEMENTS (KOHA)
Koha item type BOOK
Holdings
Withdrawn status Lost status Damaged status Not for loan Collection Home library Current library Date acquired Cost, normal purchase price Inventory number Total Checkouts Full call number Barcode Date last seen Cost, replacement price Price effective from Koha item type
        AFT Fr. Agnel's C.Rodrigues College of Engineering Fr. Agnel's C.Rodrigues College of Engineering 17/03/2023 112.80 T-745   696.2 AFT2058 17/03/2023 112.80 17/03/2023 BOOK